00458nam a2200133 a 4500008004100000100002800041245011000069260005600179300002100235504004100256003000100297005001700298040000900315 1 aSchnitzler, Beate Else.10aPhylogenetic investigations on the coccidian genera :bsarcocystis and isospora /cBeate Else Schnitzler. aHannover :bUniversity of Technology Sydney,c1996. a134 p. ;c21 cm. aIncludes bibliographical references.20230120203943.0 cNUST